书目信息 |
| 题名: |
太阳能利用技术
|
|
| 作者: | 罗运俊 编著 | |
| 分册: | ||
| 出版信息: | 北京 化学工业出版社 2005 |
|
| 页数: | 327页 | |
| 开本: | 24cm | |
| 丛书名: | 21世纪可持续能源丛书 | |
| 单 册: | ||
| 中图分类: | TK519 | |
| 科图分类: | ||
| 主题词: | 太阳能--应用 , 太阳能 | |
| 电子资源: | ||
| ISBN: | 7-5025-5680-X | |
| 000 | 00970oam2 2200277 450 | |
| 001 | 002772603 | |
| 005 | 20070805111429.51 | |
| 010 | @a7-5025-5680-X@dCNY45.00 | |
| 035 | @a002772603 | |
| 100 | @a20041201d2005 em y0chiy0110 ea | |
| 101 | 0 | @achi |
| 102 | @aCN@b110000 | |
| 105 | @aa z 000yy | |
| 106 | @ar | |
| 200 | 1 | @a太阳能利用技术@Atai yang neng li yong ji shu@f罗运俊等编著@Fluo yun jun deng bian zhu |
| 210 | @a北京@c化学工业出版社@d2005 | |
| 215 | @a327页@c照片@d24cm | |
| 225 | 2 | @a21世纪可持续能源丛书@A21 shi ji ke chi xu neng yuan cong shu |
| 330 | @a本书对太阳能光热转换和光电转换两大领域进行了叙述;包括太阳热水器、太阳在灶、太阳能温室等,对上述内容分别从原理、类型、结构设计、安装施工等进行介绍和分析。 | |
| 461 | 0 | @1001002771288@12001 @a21世纪可持续能源丛书 |
| 606 | 0 | @a太阳能@x应用 |
| 606 | 0 | @a太阳能 |
| 690 | @aTK519@v4 | |
| 701 | 0 | @a罗运俊@Aluo yun jun@f(1935.9~)@4编著 |
| 801 | 0 | @aCN@bNLC@c20070805 |
| 905 | @dTK519@e91@f5 | |
| 太阳能利用技术/罗运俊等编著.-北京:化学工业出版社,2005 |
| 327页:照片;24cm.-(21世纪可持续能源丛书) |
| ISBN 7-5025-5680-X:CNY45.00 |
| 本书对太阳能光热转换和光电转换两大领域进行了叙述;包括太阳热水器、太阳在灶、太阳能温室等,对上述内容分别从原理、类型、结构设计、安装施工等进行介绍和分析。 |
| ● |
| 相关链接 |
|
|
|
|
正题名:太阳能利用技术
索取号:TK519/91
 
预约/预借
| 序号 | 登录号 | 条形码 | 馆藏地/架位号 | 状态 | 备注 |
| 1 | 0850770 | 208507702 | 第二样本阅览室/ [索取号:TK519/91] | 在馆 | |
| 2 | 0850771 | 208507711 | 第三借阅区/ [索取号:TK519/91] | 在馆 | |
| 3 | 0850772 | 208507720 | 第三借阅区/ [索取号:TK519/91] | 在馆 | |
| 4 | 0850773 | 208507739 | 第三借阅区/ [索取号:TK519/91] | 在馆 | |
| 5 | 0850774 | 208507748 | 第三借阅区/ [索取号:TK519/91] | 在馆 |